Continent of hunter-gatherers : new perspectives in Australian prehistory
Αποθηκεύτηκε σε:
| Κύριος συγγραφέας: | |
|---|---|
| Μορφή: | Βιβλίο |
| Γλώσσα: | English |
| Δημοσίευση: |
Cambridge :
Cambridge University Press,
c1997
|
| Θέματα: | |
| Ετικέτες: |
Προσθήκη ετικέτας
Δεν υπάρχουν, Καταχωρήστε ετικέτα πρώτοι!
|
MARC
| LEADER | 00000nam a2200000 i 4500 | ||
|---|---|---|---|
| 001 | 1/70631 | ||
| 008 | 990226s1997 eng d | ||
| 020 | |a 0-521-35946-5 | ||
| 035 | |l 10048150 | ||
| 040 | |a GR-MY-UA |b gre |e aacr | ||
| 041 | 0 | |a eng | |
| 082 | 0 | |a 994.01 | |
| 100 | 1 | |a Lourandos, Harry |d 1945- | |
| 245 | 1 | 0 | |a Continent of hunter-gatherers : |b new perspectives in Australian prehistory / |c Harry Lourandos |
| 260 | |a Cambridge : |b Cambridge University Press, |c c1997 | ||
| 300 | |a 390 p. |b fig.; tabl. | ||
| 504 | |a Includes bibliographical references and index | ||
| 650 | 0 | 0 | |a Prehistoric peoples |z Australia. |
| 650 | 0 | 0 | |a Hunting, Prehistoric |z Australia. |
| 650 | 0 | 0 | |a Economics, Prehistoric |z Australia. |
| 650 | 0 | 0 | |a Australian aborigines |x Antiquities. |
| 651 | 0 | |a Australia |x Antiquities. | |
| 852 | |a INST |b LESVOS |e 19990226 |h 994.01 LOU |p 005100016933 |q 005100016933 |t BK |y 0 | ||
| 901 | |a BIBL-1999-1 | ||
| 909 | |a Λ |b 061248 | ||
| 922 | |a 1ΕΛΗ |b 199811 |c ΚΠΣ/ΤΚ |d ΠΑΠΑΣΩΤΗΡΙΟΥ | ||
| 950 | |a 103-1998-07-27 | ||